| 000 | 00861cam a22002411 4500 | ||
|---|---|---|---|
| 001 | sa 66005344 | ||
| 003 | DLC | ||
| 005 | 20260227112248.0 | ||
| 008 | 820406s1965 ii a 000 0 eng | ||
| 010 | _asa 66005344 | ||
| 035 | _a(OCoLC)8313917 | ||
| 040 |
_aDLC _cViU _dDLC |
||
| 042 | _apremarc | ||
| 050 | 0 | 0 |
_aDS423 _b.I42 |
| 082 | _a915.4034 | ||
| 100 | 1 |
_aParekh, Kishor, _d1930-1982. |
|
| 245 | 1 | 0 |
_aIndia progressing. _c[The theme of this presentation was conceived by G. D. Birla and worked out in detail by Kishore Parekh ... who did the photography, photo-editing, and layout. |
| 260 |
_aNew Delhi, _bHindustan Times, _c1965?] |
||
| 300 |
_a1 v. _b(chiefly illus. (part col.)) _c36 cm. |
||
| 651 | 0 |
_aIndia _xCivilization _vPictorial works. |
|
| 650 | 0 |
_aIndustries _zIndia _vPictorial works. |
|
| 700 | 1 |
_aBiṛalā, Ghanaśyāmadāsa, _d1894-1983. |
|
| 999 |
_c69901 _d69901 |
||